000
00299nam a22001337a 4500
008
180302b xxu||||| |||| 00| 0 eng d
020
_a
9780131846715
041
_a
eng
080
_a
37
100
_a
25
101
_a
EDU
245
_a
NORTH STAR READING AND WRITING
_c
BETH.M
942
_2
udc
_c
BK
999
_c
44044
_d
44044